Transcontinental Countries - Statistics

General Stats
  • This quiz has been taken 45 times
  • The average score is 9 of 10
Answer Stats
Continents Country % Correct
Asia/Europe Russia
100%
Asia/Europe Turkey
100%
Africa/Asia Egypt
98%
Europe/Asia Georgia
98%
North America/South America Panama
98%
Europe/Africa Spain
95%
Europe/Asia Azerbaijan
93%
Europe/Asia Cyprus
93%
Asia/Oceania Indonesia
90%
Asia/Europe Kazakhstan
85%
No matching quizzes found
Score Distribution
Percent of People with Each Score
Percentile by Number Answered
Your Score History
You have not taken this quiz